|
|
|
|
| LEADER |
00000nam0a2200000 4500 |
| 001 |
96611 |
| 005 |
20231101214059.0 |
| 035 |
|
|
|a (RuTPU)RU\TPU\book\103440
|
| 090 |
|
|
|a 96611
|
| 100 |
|
|
|a 20060516d1989 m y0rusy50 ca
|
| 101 |
0 |
|
|a rus
|
| 102 |
|
|
|a RU
|
| 105 |
|
|
|a y j 001zy
|
| 200 |
1 |
|
|a Пути совершенствования самостоятельной работы студентов в вузе
|e учебное пособие
|f И. М. Плагов, Т. И. Парубочая
|g Челябинский политехнический институт
|
| 210 |
|
|
|a Челябинск
|d 1989
|
| 215 |
|
|
|a 121 с.
|c ил.
|
| 320 |
|
|
|a Библиогр.: с. 116-120.
|
| 606 |
1 |
|
|a Самостоятельная работа учащихся
|x В Вузе
|2 stltpush
|3 (RuTPU)RU\TPU\subj\53766
|9 71931
|
| 610 |
1 |
|
|a высшие учебные заведения
|
| 610 |
1 |
|
|a студенты
|
| 610 |
1 |
|
|a образование
|
| 610 |
1 |
|
|a самостоятельная работа
|
| 610 |
1 |
|
|a учебные пособия
|
| 610 |
1 |
|
|a планирование
|
| 610 |
1 |
|
|a методы
|
| 686 |
|
|
|a Ч481.267
|v LBC/SL-A
|2 rubbk
|
| 700 |
|
1 |
|a Плагов
|b И. М.
|
| 701 |
|
1 |
|a Парубочая
|b Т. И.
|
| 712 |
0 |
2 |
|a Челябинский политехнический институт
|2 stltpush
|3 (RuTPU)RU\TPU\col\7924
|
| 801 |
|
1 |
|a RU
|b 63413507
|c 20060516
|g PSBO
|
| 801 |
|
2 |
|a RU
|b 63413507
|c 20181120
|g PSBO
|
| 942 |
|
|
|c BK
|